00641nam a2200229 a 4500001001300000003000900013005001700022008004100039020000900080082001700089100002400106245002100130260003400151300001000185500003500195505001000230650002300240902000800263942000700271952011600278999001700394nice12345678IN_TiNIC20260116013947.0050524s1966 azaa grp 000 0 urd  ac6000a297.122bFAR aFarahi, Hameeduddin aHikmat-E-Qur`ani aAzamgarhbMadarsa Islahc1966 a141p. aincludes index and biblioraphy2 aIndex aQuran-Appreciation bSRS cBK 001040708StackRoom-aHMIbHMId2007-07-30g60.00l0o297.122 FARp019054r2007-07-30v60.00w2005-05-24yBK c13276d13276